000 00467nam a2200181Ia 4500
008 230711s9999||||xx |||||||||||||| ||und||
020 _a978-81-265-0838-9
041 _aENG
082 _a621.31
_bWO-P
100 _aWood,Allen J
245 0 _aPower Generation, Operation, and Control
250 _a2nd Ed.
260 _c2017
_aNew Delhi
_bWiley India Pvt.Ltd
300 _a569p.
650 _aElectrical Engineering
700 _aWollenberg,Bruce F
942 _cBK
999 _c6567
_d6567